000 01240nam0a2200337 i 4500
001 RU\NLR\BIBL_A\010010251
005 20240921204320.0
010 _a9785443906119
_91000
021 _aRU
_b2013-85364
_95909
035 _a(NILC)RuMoRGB-006682114
035 _a(NLR Aleph) 010010251
090 _a9850219
_c9850219
100 _a20131204d2013 um y0rusy50 ca
101 0 _arus
102 _aRU
105 _ay|||z||||00yy
200 1 _aЛекции по математическому анализу
_fС. М. Львовский
_gНезависимый Московский ун-т
205 _aИзд. 2-е, испр.
210 _aМосква
_cИзд-во МЦНМО
_d2013
215 _a296 с.
_cил.
_d21
606 _aМатематический анализ
_jУчебные издания для высших учебных заведений
_9963473
_3RU\NLR\AUTH\6641277
675 _a517(075.8)
686 1 _aВ161я73-2
700 1 _aЛьвовский
_bС. М.
_gСергей Михайлович
801 0 _aRU
_bRuMoRKP
_c20090225
_gRCR
801 2 _aRU
_bРГБ
_c20131022
_grcr
801 1 _aRU
_bRuMoRKP
_c20090225
_2rusmarc
942 _cBOOK
980 _aNBR